=LDR 00000nam 2200000 4500 =001 INLIS000000000031594 =005 20130612133646 =008 ***********************************ind** =035 ##$$0010-061300000031594 =041 ##$$a ind =082 ##$$a 959.8 =090 ##$$a 959.8, Sub, i =100 ##$$a SUBARI =245 ##$$a Intisari Pengetahuan Umum Populer , Subari;Editor,Susiyanah Samosir =260 ##$$a [20...?] $b [s.l] =300 ##$$a vi,272 hlm , illus , 25 cm =650 ##$$a SEJARAH INDONESIA =850 ##$$a NBPNMAT =990 ##$$a 0001/BPAP-NTB/2016